书目信息 |
| 题名: |
植物化学保护教学案例
|
|
| 作者: | 贺字典 主编 | |
| 分册: | ||
| 出版信息: | 北京 中国农业科学技术出版社 2018.05 |
|
| 页数: | 113页 | |
| 开本: | 26cm | |
| 丛书名: | ||
| 单 册: | ||
| 中图分类: | S481 | |
| 科图分类: | ||
| 主题词: | 植物保护--农药防治--案例--研究生--教材 | |
| 电子资源: | ||
| ISBN: | 978-7-5116-3592-1 | |
| 000 | 01166nam0 2200217 450 | |
| 001 | 211 | |
| 005 | 20180921140823.74 | |
| 010 | @a978-7-5116-3592-1@dCNY23.00 | |
| 100 | @a20180408d2018 em y0chiy0110 ea | |
| 101 | 0 | @achi |
| 102 | @aCN@b110000 | |
| 105 | @ay z 000yy | |
| 200 | 1 | @a植物化学保护教学案例@9zhi wu hua xue bao hu jiao xue an li@f贺字典主编 |
| 210 | @a北京@c中国农业科学技术出版社@d2018.05 | |
| 215 | @a113页@d26cm | |
| 330 | @a《植物化学保护》和研究生农业推广硕士的选修课程——《农业信息技术》教学案例库的开发与应用进行了探索研究。一、植物保护专业的能力培养目标主要农林作物病、虫、草害等诊断技术、预测预报技术、防治技术等职业能力。农药、化肥、种子等生产资料生产、企业管理、市场营销、技术开发和推广等能力及相关法律法规方面知识运用的综合职业能力。二、资助项目 河北科技师范学院本科教学研究项目 “专业素材库建设及其网络资源的开发利用———以植物保护专业为例”和河北省专业学位研究生教学案例建设项目“《农业信息技术》教学案例库的开发与应用”资助编写《植物化学保护》教学案例。 | |
| 606 | 0 | @a植物保护@x农药防治@x案例@x研究生@j教材 |
| 690 | @aS481@v5 | |
| 701 | 0 | @a贺字典@9he zi dian@4主编 |
| 801 | 0 | @aCN@b91CIP@c20180408 |
| 905 | @aMuseLib@dS481@e134 | |
| 植物化学保护教学案例/贺字典主编.-北京:中国农业科学技术出版社,2018.05 |
| 113页;26cm |
| ISBN 978-7-5116-3592-1:CNY23.00 |
| 《植物化学保护》和研究生农业推广硕士的选修课程——《农业信息技术》教学案例库的开发与应用进行了探索研究。一、植物保护专业的能力培养目标主要农林作物病、虫、草害等诊断技术、预测预报技术、防治技术等职业能力。农药、化肥、种子等生产资料生产、企业管理、市场营销、技术开发和推广等能力及相关法律法规方面知识运用的综合职业能力。二、资助项目 河北科技师范学院本科教学研究项目 “专业素材库建设及其网络资源的开发利用———以植物保护专业为例”和河北省专业学位研究生教学案例建设项目“《农业信息技术》教学案例库的开发与应用”资助编写《植物化学保护》教学案例。 |
| ● |
| 相关链接 |
|
|
|
|
正题名:植物化学保护教学案例
索取号:S481/134
 
预约/预借
| 序号 | 登录号 | 条形码 | 馆藏地/架位号 | 状态 | 备注 |
| 1 | 1118789 | 211187892 | 第二样本阅览室/ [索取号:S481/134] | 在馆 | |
| 2 | 1118790 | 211187909 | 第三借阅区/ [索取号:S481/134] | 在馆 | |
| 3 | 1118791 | 211187918 | 第三借阅区/ [索取号:S481/134] | 在馆 | |
| 4 | 1118792 | 211187927 | 第三借阅区/ [索取号:S481/134] | 在馆 | |
| 5 | 1118793 | 211187936 | 第三借阅区/ [索取号:S481/134] | 在馆 |